Statistics for Ženska imena u naslovima pesama

Click here to take the quiz!

General Stats

  • This quiz has been taken 64 times
  • The average score is 14 of 25

Answer Stats

IzvođačPesma% Correct
Zdravko ČolićZvao sam je {Emili}
89%
Šaban ŠaulićSneg je opet {Snežana}
88%
BoleroJ{elena}
86%
Srebrna krilaA{na}
81%
HaustorE{na}
79%
Toma ZdravkovićSećaš li se {Sanja}
79%
Boris NovkovićT{amara}
79%
Bijelo dugme{Ružica} si bila sada više nisi
77%
Toma ZdravkovićZa {Ljiljanu}
77%
Đorđe BalaševićOprosti mi {Katrin}
70%
Toma ZdravkovićEj, {Branka}
68%
Bajaga i instruktoriLepa {Janja} ribareva kći
63%
Zdravko Čolić'Ajde, 'ajde {Jasmina}
58%
Poslednja igra leptiraN{ataša}
58%
Prljavo kazališteM{arina}
54%
Oliver DragojevićDž{eni}
53%
Zdravko ČolićJoš jedna zima sa {Kristinom}
47%
Plavi orkestarS{uada}
42%
Plavi orkestarK{aja}
28%
Oliver DragojevićMolitva za {Magdalenu}
26%
Bijelo dugmeZa {Esmu}
26%
Ferid Avdić{Dijana} ljubavi
23%
Dejan CukićJ{ulija}
21%
RegataA{ndrea}
19%
Alen SlavicaS kim se ljubiš {Slađana}
11%

Score Distribution

Percentile by Number Answered

Percent of People with Each Score

Your Score History

You have not taken this quiz